000 01822nam a2200505 i 4500
001 14850
003 KOSZ 005
005 20200804141433.0
008 200111s1972 pl a f 001 0 pol
015 _aPB 1972/10916
035 _a991034923749705066
035 _a(PL-WaBN)b19395681-48omnis_nlop
035 _ab19395681
035 _a(OCoLC)830841395
035 _a(PL)b0000001939568
035 _a(EXLNZ-48OMNIS_NETWORK)9910302313305606
040 _aWA N
_cWA N
_dKOSZ 005/RW
046 _k1961
080 _a621.316
100 1 _aSchmidt, Barbara
_c(elektronik)
_eAutor
245 1 0 _aTermistory /
_cBarbara Schmidt, Eugeniusz Kuźma.
250 _aWydanie 2 zmienione.
260 _aWarszawa :
_bWydawnictwa Naukowo-Techniczne,
_c1972.
300 _a302, [2] strony :
_bilustracje ;
_c22 cm.
336 _aTekst
_btxt
_2rdacontent
337 _aBez urządzenia pośredniczącego
_bn
_2rdamedia
338 _aWolumin
_bnc
_2rdacarrier
380 _aKsiążki
380 _aPublikacje fachowe
380 _aPublikacje dydaktyczne
388 _a1901-2000
490 1 _aElektronika
504 _aBibliografia na stronach 283-[299]. Indeks.
521 _aKsiążka jest przeznaczona dla inżynierów i techników różnych specjalności oraz dla studentów wyższych szkół technicznych.
650 7 _aTermistory
_2DBN
650 7 _aTechnologia
650 7 _aZastosowanie i wykorzystanie
658 _aInżynieria i technika
700 1 _aKuźma, Eugeniusz
_eAutor
710 2 _aWydawnictwa Naukowo-Techniczne
_4pbl
856 _uhttp://koha.tu.koszalin.pl/cgi-bin/koha/opac-detail.pl?biblionumber=14850
_yKatalog online BPK
830 0 _aElektronika - Wydawnictwa Naukowo-Techniczne
942 _2UKD
_cKS
999 _c14850
_d14850